Alain Bosquet

Guardat en:
Dades bibliogràfiques
Autor principal: Le Quintrec, Charles (Autor)
Format: Llibre
Idioma:francès
Publicat: París Pierre Seghers 1964
Col·lecció:Poetes d'aujourd'hui, 117
Matèries:
Etiquetes: Afegir etiqueta
Sense etiquetes, Sigues el primer a etiquetar aquest registre!

MARC

LEADER 00000nam a2200000 a 4500
001 UCY4475
003 CL-VaPUC
008 950314e19640000FR |||||||||||||||||fre|d
082 0 4 |a 891.709  |b LEQ  |2 21 
100 0 |a Le Quintrec, Charles  |e author  |9 332942 
245 1 0 |a Alain Bosquet 
300 |a 191 p 
942 |c BK 
945 |d 19950314 00:00:00  |a mfernand 
260 |a París  |b Pierre Seghers  |c 1964 
600 0 7 |a BOSQUET, ALAIN  |2 CL-VaPUC  |9 332943 
650 0 |a Crítica e interpretación   |9 255042 
583 |a last modification  |c 19950314 00:00:00  |k Rodrigo Vera 
490 0 |a Poetes d'aujourd'hui, 117 
999 |c 232324  |d 232322 
952 |0 0  |1 0  |4 0  |6 891_709000000000000_LEQ_1964  |7 0  |8 P  |9 236483  |a BIBART  |b BIBART  |d 2019-11-15  |i 3064425  |o 891.709 LEQ 1964  |p 3064425  |r 2025-03-13  |w 2019-11-15  |y BK  |k ART